Los derechos humanos y la guerra contra el terror /

Guardado en:
Autor Principal: Desimoni, Luis María.
Formato: Libro
Idioma:Spanish
Publicado: Buenos Aires : Ábaco de Rodolfo Depalma, 2009.
Edición:1a. ed.
Materias:
Etiquetas: Agregar Etiqueta
Sin Etiquetas, Sea el primero en etiquetar este registro!
LEADER 00496nam a22001575a 4500
001 DER.der014468
008 191115s2009####ag############000#0#spa#d
005 20251219141419.0
245 1 0 |a Los derechos humanos y la guerra contra el terror /  |c Luis María Desimoni. 
250 |a 1a. ed. 
260 |a Buenos Aires :  |b Ábaco de Rodolfo Depalma,  |c 2009. 
300 |a 190 p. 
020 |a 9789505692798 
100 1 |a Desimoni, Luis María. 
653 |a DERECHOS HUMANOS 
859 |a DERECHO  |b BIB. DERECHO  |h 323  |i DES  |p 009746